Busiest Airports in Mexico - Statistics

General Stats
  • This quiz has been taken 74 times
    63 since last reset
  • The average score is 7 of 10
Answer Stats
# City % Correct
50.3 m Mexico City
100%
25.4 m Cancún
94%
14.8 m Guadalajara
93%
11.1 m Monterrey
83%
8.9 m Tijuana
83%
2.79 m Mérida
59%
4.9 m Puerto Vallarta
57%
2.74 m León (Bajío)
50%
5.3 m Los Cabos
33%
2.4 m Culiacán
19%
No matching quizzes found
Score Distribution
Percent of People with Each Score
Percentile by Number Answered
Your Score History
You have not taken this quiz since the last reset